miasta województwa śląskiego - Statystyki

Ogólne statystyki
  • Ten quiz został rozwiązany 798 razy
    25 od ostatniego zresetowania
  • Średni wynik to 45 z 75
Statystyki odpowiedzi
Pierwsza litera Miasto % Poprawnych
B Bytom
100%
C Częstochowa
100%
G Gliwice
100%
K Katowice
100%
C Czechowice-Dziedzice
91%
J Jaworzno
91%
P Piekary Śląskie
91%
R Ruda Śląska
91%
S Siemianowice Śląskie
91%
Z Zabrze
91%
B Będzin
82%
B Bielsko-Biała
82%
C Chorzów
82%
D Dąbrowa Górnicza
82%
M Mysłowice
82%
M Myszków
82%
R Rybnik
82%
T Tarnowskie Góry
82%
C Czeladź
73%
J Jastrzębie-Zdrój
73%
L Lubliniec
73%
P Pyskowice
73%
T Tychy
73%
W Wisła
73%
B Bieruń
64%
C Cieszyn
64%
I Imielin
64%
K Kłobuck
64%
K Knurów
64%
L Lędziny
64%
P Pszczyna
64%
R Racibórz
64%
S Sosnowiec
64%
S Szczyrk
64%
W Wodzisław Śląski
64%
Z Zawiercie
64%
Ż Żory
64%
Ż Żywiec
64%
Ł Łazy
55%
M Mikołów
55%
R Rydułtowy
55%
S Siewierz
55%
S Skoczów
55%
Ś Świętochłowice
55%
U Ustroń
55%
C Czerwionka-Leszczyny
45%
K Kalety
45%
K Koniecpol
45%
K Kuźnia Raciborska
45%
Ł Łaziska Górne
45%
O Olsztyn
45%
O Orzesze
45%
P Poręba
45%
P Przyrów
45%
P Pszów
45%
R Radzionków
45%
S Sławków
45%
S Strumień
45%
S Szczekociny
45%
T Toszek
45%
B Blachownia
36%
K Krzepice
36%
M Miasteczko Śląskie
36%
O Ogrodzieniec
36%
P Pilica
36%
R Radlin
36%
S Sośnicowice
36%
W Wojkowice
36%
Ż Żarki
36%
J Janów
27%
K Koziegłowy
27%
K Krzanowice
27%
W Wilamowice
27%
W Włodowice
18%
W Woźniki
18%
Nie znaleziono quizów pasujących do podanych kryteriów
Rozkład punktacji
Procent ludzi z każdym wynikiem
Percentyl według liczby udzielonych odpowiedzi
Twoja historia wyników
Nie rozwiązałeś tego quizu od ostatniego zresetowania